[Event "Isthmia 2011"]
[Site "Vrachati"]
[Date "2011.08.18"]
[Round "1.1"]
[White "Adamopoulos, Ioannis"]
[Black "Tiviakov, Sergei"]
[Result "0-1"]
[WhiteElo "2070"]
[BlackElo "2623"]
[PlyCount "84"]
[EventDate "2011.08.18"]

1. d4 Nf6 2. c4 e6 3. Nc3 Bb4 4. Nf3 b6 5. g3 Bxc3+ 6. bxc3 Bb7 7. Bg2 O-O 8.
O-O d6 9. a4 Nc6 10. Qc2 Na5 11. Nd2 Bxg2 12. Kxg2 c5 13. Ba3 Qd7 14. e4 e5 15.
d5 Nh5 16. Qd1 g6 17. f4 exf4 18. gxf4 Rae8 19. Qf3 f5 20. Qh3 Qxa4 21. Bxc5
Qxa1 22. Rxa1 Nxf4+ 23. Kg3 Nxh3 24. Bxd6 Ng5 25. Bxf8 Kxf8 26. exf5 Re2 27. h4
Rxd2 28. hxg5 gxf5 29. Kf4 Rf2+ 30. Ke5 Nxc4+ 31. Kf6 Nd6 32. Ke6 Ne4 33. Rxa7
Nxg5+ 34. Kf6 Ne4+ 35. Ke5 Nxc3 36. Rxh7 Rd2 37. d6 Ne4 38. Kxf5 Nxd6+ 39. Ke6
Ne4 40. Rh8+ Kg7 41. Rb8 Nc5+ 42. Kf5 Nd7 0-1

[Event "Isthmia 2011"]
[Site "Vrachati"]
[Date "2011.08.18"]
[Round "1.2"]
[White "Baklan, Vladimir"]
[Black "Sverkounos, Spyridon"]
[Result "1-0"]
[WhiteElo "2620"]
[BlackElo "2051"]
[PlyCount "121"]
[EventDate "2011.08.18"]

1. e4 c5 2. c3 Nf6 3. e5 Nd5 4. Nf3 Nc6 5. Bc4 Nb6 6. Bb3 c4 7. Bc2 Qc7 8. Qe2
g5 9. h3 Bg7 10. O-O g4 11. hxg4 Nxe5 12. Nxe5 Qxe5 13. Qxe5 Bxe5 14. d4 cxd3
15. Bxd3 d6 16. g5 Bd7 17. Re1 e6 18. Na3 a6 19. Be3 Nd5 20. Nc4 Bf4 21. Bd4
O-O 22. Be4 Bc6 23. g3 Bxg5 24. Nxd6 Rad8 25. Nc4 Ne7 26. f4 Bxe4 27. Rxe4 Bh6
28. Bc5 Rfe8 29. Nd6 Rxd6 30. Bxd6 Nf5 31. Be5 Nxg3 32. Re3 Nf5 33. Rd3 f6 34.
Bxf6 Bxf4 35. Re1 Kf7 36. Be5 Bxe5 37. Rxe5 Kf6 38. Re4 Re7 39. Rh3 Rd7 40. Re2
b5 41. Kf2 a5 42. Ke1 h6 43. Rg2 b4 44. Rg4 bxc3 45. Rxc3 Rb7 46. b3 h5 47. Ra4
Rb5 48. Rac4 Rb7 49. Rc5 Ra7 50. Rc7 Ra8 51. Rc8 Ra7 52. R3c7 Ra6 53. Rf8+ Ke5
54. Rc5+ Kd4 55. Rc4+ Ke5 56. Ra4 h4 57. b4 Rc6 58. bxa5 Ra6 59. Rb8 Nd4 60.
Kf2 Nc6 61. Rb6 1-0

[Event "Isthmia 2011"]
[Site "Vrachati"]
[Date "2011.08.18"]
[Round "1.3"]
[White "Soultatis, Kostas"]
[Black "Atalik, Suat"]
[Result "0-1"]
[WhiteElo "2050"]
[BlackElo "2619"]
[PlyCount "120"]
[EventDate "2011.08.18"]

1. d4 Nf6 2. c4 g6 3. Nc3 Bg7 4. g3 c5 5. d5 d6 6. Bg2 O-O 7. Nf3 e6 8. O-O
exd5 9. cxd5 Re8 10. h3 Na6 11. Nd2 Nc7 12. a4 b6 13. Re1 Ba6 14. Rb1 Qe7 15.
Nf1 Nd7 16. Ne3 f5 17. Qb3 Bd4 18. Nb5 Bxb5 19. axb5 Ne5 20. Nc2 Qd7 21. Na3
Nf7 22. e3 Bg7 23. f4 Re7 24. Bd2 Rae8 25. Qc4 Nd8 26. Kh2 Nb7 27. Bf3 Kh8 28.
b3 Ra8 29. Qd3 Ne8 30. Kg2 Nf6 31. Nc2 Ne4 32. g4 Nxd2 33. Qxd2 Qxb5 34. Na3
Qb4 35. Qc1 b5 36. Re2 Rae8 37. Nc2 Qc3 38. b4 c4 39. Ra1 a5 40. Ra3 Qb2 41.
Qxb2 Bxb2 42. Ra2 Bc3 43. bxa5 b4 44. Ra4 Nc5 45. Rxb4 Bxb4 46. Nxb4 Rxe3 47.
Rc2 Nd3 48. Nxd3 cxd3 49. Rf2 Re2 50. Kf1 Rxf2+ 51. Kxf2 Kg7 52. gxf5 gxf5 53.
a6 Re7 54. Bd1 Ra7 55. Ke3 Rxa6 56. h4 Ra3 57. Kd2 Kh6 58. Bf3 Ra4 59. Ke3 Re4+
60. Kxd3 Rxf4 0-1

[Event "Isthmia 2011"]
[Site "Vrachati"]
[Date "2011.08.18"]
[Round "1.4"]
[White "Volkov, Sergey"]
[Black "Sideris, Theodoros"]
[Result "1-0"]
[WhiteElo "2607"]
[BlackElo "2050"]
[PlyCount "103"]
[EventDate "2011.08.18"]

1. d4 Nf6 2. c4 c5 3. d5 b5 4. Nf3 g6 5. cxb5 a6 6. e3 Bg7 7. Nc3 O-O 8. a4 d6
9. e4 axb5 10. Bxb5 Ba6 11. Bg5 h6 12. Bd2 Ne8 13. O-O Nc7 14. Qe2 Bc8 15. h3
e5 16. dxe6 Bxe6 17. Bf4 g5 18. Bg3 Qe7 19. Rad1 Rd8 20. Rd2 Bb3 21. Bc4 Bxc4
22. Qxc4 Nc6 23. Rfd1 Nd4 24. Nxd4 cxd4 25. Nd5 Nxd5 26. exd5 Rdc8 27. Qa2 Qd7
28. Ra1 Rcb8 29. Qa3 Be5 30. b4 f5 31. Bxe5 dxe5 32. Qb3 Rd8 33. d6+ Qf7 34.
Qg3 Qd5 35. h4 g4 36. Qd3 Qe6 37. f4 exf4 38. Re2 Qf6 39. Qc4+ Kf8 40. Re6 Qf7
41. Qd5 Re8 42. Rxe8+ Rxe8 43. Qxd4 Kg8 44. Rd1 f3 45. d7 Rd8 46. gxf3 gxf3 47.
Qd5 Rxd7 48. Qxf7+ Rxf7 49. b5 Rg7+ 50. Kf1 Rg4 51. b6 Rxh4 52. Rd8+ 1-0

[Event "Isthmia 2011"]
[Site "Vrachati"]
[Date "2011.08.18"]
[Round "1.5"]
[White "Tzolas, Georgios"]
[Black "Peralta, Fernando"]
[Result "0-1"]
[WhiteElo "2049"]
[BlackElo "2601"]
[PlyCount "64"]
[EventDate "2011.08.18"]

1. e4 c6 2. d4 d5 3. Nd2 dxe4 4. Nxe4 Bf5 5. Ng3 Bg6 6. h4 h6 7. Bc4 e6 8. N1e2
Bd6 9. Nf4 Bxf4 10. Bxf4 Nf6 11. c3 Nbd7 12. Qe2 O-O 13. Rd1 Re8 14. Be5 a5 15.
a4 Qb6 16. Bxf6 Nxf6 17. Bd3 Bxd3 18. Rxd3 Qb3 19. O-O Qxa4 20. Nh5 Nxh5 21.
Qxh5 Re7 22. Rg3 Kh8 23. Qe5 f6 24. Qe2 Qb5 25. c4 Qf5 26. Re3 Rae8 27. g4 Qf4
28. Re4 Qd6 29. f4 f5 30. gxf5 exf5 31. Rxe7 Rxe7 32. Qd2 Re4 0-1

[Event "Isthmia 2011"]
[Site "Vrachati"]
[Date "2011.08.18"]
[Round "1.6"]
[White "Solak, Dragan"]
[Black "Rigopoulos-Tsigkos, Alexandros"]
[Result "1-0"]
[WhiteElo "2598"]
[BlackElo "2041"]
[PlyCount "82"]
[EventDate "2011.08.18"]

1. c4 c5 2. g3 Nf6 3. Bg2 e6 4. Nf3 Be7 5. Nc3 O-O 6. d4 cxd4 7. Nxd4 a6 8. O-O
Qc7 9. Qd3 d6 10. b3 Nbd7 11. Bb2 Rd8 12. Rac1 Ne5 13. Qd2 Qb6 14. Kh1 Nc6 15.
Na4 Qc7 16. e4 Bd7 17. Nc3 Nxd4 18. Qxd4 Rac8 19. f4 Qb8 20. e5 Ne8 21. Ne4 Bc6
22. Qe3 b5 23. cxb5 Bxb5 24. Rfd1 Rxc1 25. Rxc1 Rc8 26. h4 Rxc1+ 27. Qxc1 d5
28. Nc5 Bxc5 29. Qxc5 Qc7 30. Ba3 Qxc5 31. Bxc5 Bd3 32. Kg1 Nc7 33. Bb6 Nb5 34.
Kf2 Nc3 35. Ke3 Bb1 36. a4 Ne4 37. Bf1 Bc2 38. Bxa6 Bxb3 39. a5 Ba4 40. Bb7 Bb5
41. g4 Nc3 1-0

[Event "Isthmia 2011"]
[Site "Vrachati"]
[Date "2011.08.18"]
[Round "1.7"]
[White "Paouris, Nikolaos"]
[Black "Banikas, Hristos"]
[Result "0-1"]
[WhiteElo "2030"]
[BlackElo "2593"]
[PlyCount "184"]
[EventDate "2011.08.18"]

1. c4 Nf6 2. g3 c5 3. Bg2 d5 4. cxd5 Nxd5 5. Nc3 Nb4 6. Nf3 N4c6 7. O-O e5 8.
e3 Be7 9. Qe2 O-O 10. Rd1 Bf5 11. d4 e4 12. Nd2 cxd4 13. Ndxe4 Re8 14. Qb5 Bg4
15. f3 a6 16. Qxb7 Ra7 17. Qb3 Be6 18. Qa4 f5 19. exd4 fxe4 20. d5 exf3 21.
Bxf3 Ne5 22. dxe6 Nxf3+ 23. Kg2 Qc8 24. Kxf3 Rb7 25. Qe4 Bf6 26. Bf4 Rxe6 27.
Qd5 Rf7 28. Rac1 Qe8 29. Ne4 Bxb2 30. Rb1 Be5 31. Ng5 Bxf4 32. Nxe6 Bh6+ 33.
Kg2 Nd7 34. Rb7 Nf6 35. Qf3 Qxe6 36. Rd8+ Rf8 37. Rxf8+ Kxf8 38. Qa3+ Kg8 39.
Rb8+ Kf7 40. Rf8+ Kg6 41. Qd3+ Qe4+ 42. Qxe4+ Nxe4 43. Re8 Kf5 44. h3 Bd2 45.
Kf3 Ng5+ 46. Ke2 Bc3 47. Kd3 Be5 48. g4+ Kf4 49. h4 Nf3 50. Ra8 Kxg4 51. Ke4
Bf6 52. Rxa6 Bxh4 53. a4 Bf2 54. Rd6 Ng5+ 55. Kd3 Kf3 56. a5 Nh3 57. Rd7 Nf4+
58. Kd2 g5 59. Rxh7 Be3+ 60. Ke1 Nd3+ 61. Kf1 g4 62. Rf7+ Nf4 63. a6 g3 64. Rg7
Bd4 65. Ke1 g2 66. Kd2 g1=Q 67. Rxg1 Bxg1 68. Kc3 Ba7 69. Kc4 Ke4 70. Kb5 Kd5
71. Ka5 Kc4 72. Ka4 Bb6 73. a7 Bxa7 74. Ka5 Ne6 75. Ka6 Bd4 76. Kb7 Kb5 77. Kc8
Kc6 78. Kb8 Nc7 79. Kc8 Ba7 80. Kd8 Nd5 81. Kc8 Ne7+ 82. Kd8 Kd6 83. Ke8 Ke6
84. Kd8 Bb6+ 85. Ke8 Bc7 86. Kf8 Nf5 87. Ke8 Ng7+ 88. Kf8 Kf6 89. Kg8 Kg6 90.
Kf8 Bd6+ 91. Kg8 Nf5 92. Kh8 Be7 0-1

[Event "Isthmia 2011"]
[Site "Vrachati"]
[Date "2011.08.18"]
[Round "1.8"]
[White "Kotronias, Vasilios"]
[Black "Papadopoulos, Georgios"]
[Result "1-0"]
[WhiteElo "2588"]
[BlackElo "2029"]
[PlyCount "73"]
[EventDate "2011.08.18"]

1. e4 c5 2. Nc3 Nc6 3. Bb5 Nd4 4. Bc4 g6 5. Nf3 Bg7 6. Nxd4 cxd4 7. Qf3 e6 8.
Nb5 Be5 9. c3 dxc3 10. d4 a6 11. dxe5 axb5 12. Be2 cxb2 13. Bxb2 Qa5+ 14. Bc3
b4 15. Bb2 b3+ 16. Bc3 Qc5 17. a4 Ne7 18. O-O Nc6 19. Rfd1 O-O 20. Qg3 b6 21.
h4 Nb4 22. Bb5 Bb7 23. Rd4 Nc2 24. Rc4 Qe7 25. Rd1 Bc6 26. Bxc6 dxc6 27. Rxc6
Rxa4 28. Rxb6 Qa3 29. h5 Ra6 30. Bb2 Rxb6 31. Bxa3 Nxa3 32. h6 b2 33. Qxa3 b1=Q
34. Rxb1 Rxb1+ 35. Kh2 Rb5 36. Qe7 Rxe5 37. g4 1-0

[Event "Isthmia 2011"]
[Site "Vrachati"]
[Date "2011.08.18"]
[Round "1.9"]
[White "Vazelakis, Dimitrios"]
[Black "Burmakin, Vladimir"]
[Result "0-1"]
[WhiteElo "2022"]
[BlackElo "2579"]
[PlyCount "94"]
[EventDate "2011.08.18"]

1. c4 c6 2. g3 d5 3. Bg2 Nf6 4. Nf3 Bf5 5. cxd5 cxd5 6. Qb3 Qb6 7. Nc3 e6 8. d3
Nc6 9. Be3 Qxb3 10. axb3 e5 11. d4 Nb4 12. O-O e4 13. Ne5 a6 14. Rac1 Bd6 15.
f3 exf3 16. Rxf3 Be6 17. Rff1 O-O 18. Bg5 Ne8 19. Nd3 Nxd3 20. exd3 Nc7 21. Na4
Nb5 22. Nb6 Nxd4 23. Rfe1 Rae8 24. Nxd5 Bxd5 25. Bxd5 Ne2+ 26. Rxe2 Rxe2 27.
Bxb7 a5 28. Bf3 Rxb2 29. Bd5 h6 30. Be3 Re8 31. Bd4 Rd2 32. Rf1 Re7 33. Bc4 Bb4
34. Rf2 Rxf2 35. Kxf2 Kf8 36. Be3 Re8 37. d4 Ke7 38. Ke2 Ra8 39. Bb5 Rc8 40. h4
Rc2+ 41. Kf3 Bd2 42. Bxd2 Rxd2 43. Ke4 Rg2 44. Kf3 Rb2 45. Bc4 Rc2 46. Bd5 Rc3+
47. Kf4 Rd3 0-1

[Event "Isthmia 2011"]
[Site "Vrachati"]
[Date "2011.08.18"]
[Round "1.10"]
[White "Svetushkin, Dmitry"]
[Black "Fragkos, Vasilios"]
[Result "1-0"]
[WhiteElo "2576"]
[BlackElo "2022"]
[PlyCount "45"]
[EventDate "2011.08.18"]

1. d4 d5 2. c4 dxc4 3. e4 e5 4. Nf3 exd4 5. Bxc4 Nc6 6. O-O Be6 7. Nbd2 Bd6 8.
e5 Bxe5 9. Re1 Bf6 10. Ne4 Nge7 11. Bxe6 fxe6 12. Nfg5 Bxg5 13. Nxg5 e5 14. b4
Qd5 15. b5 Nd8 16. Ba3 Qxb5 17. Bxe7 Kxe7 18. Qxd4 Nc6 19. Qg4 Qd5 20. Rad1
Qxa2 21. Qd7+ Kf6 22. Ne4+ Kg6 23. Rd3 1-0

[Event "Isthmia 2011"]
[Site "Vrachati"]
[Date "2011.08.18"]
[Round "1.11"]
[White "Papakonstantinou, Dimitrios"]
[Black "Rozentalis, Eduardas"]
[Result "0-1"]
[WhiteElo "2018"]
[BlackElo "2571"]
[PlyCount "68"]
[EventDate "2011.08.18"]

1. e4 e6 2. d4 d5 3. Nc3 Bb4 4. e5 c5 5. a3 Bxc3+ 6. bxc3 Ne7 7. Qg4 Qc7 8.
Qxg7 Rg8 9. Qxh7 cxd4 10. Ne2 Nbc6 11. f4 Bd7 12. Qd3 dxc3 13. Be3 d4 14. Bxd4
Nxd4 15. Nxd4 O-O-O 16. Qc4 Qxc4 17. Bxc4 Rxg2 18. O-O-O Ba4 19. Ne2 Rxd1+ 20.
Kxd1 Nf5 21. Bd3 Ne3+ 22. Ke1 Bxc2 23. Bxc2 Nxc2+ 24. Kf1 Ne3+ 25. Ke1 c2 26.
h4 Nf5 27. Nc1 Ng3 28. Rh3 Ne4 29. Nb3 Rg1+ 30. Ke2 Rb1 31. h5 Rxb3 32. Rxb3
c1=Q 33. Re3 Nc3+ 34. Kd3 Nd5 0-1

[Event "Isthmia 2011"]
[Site "Vrachati"]
[Date "2011.08.18"]
[Round "1.12"]
[White "Nikolaidis, Ioannis"]
[Black "Naoum, Spyridon"]
[Result "1-0"]
[WhiteElo "2545"]
[BlackElo "1999"]
[PlyCount "61"]
[EventDate "2011.08.18"]

1. c4 Nf6 2. Nc3 d5 3. d4 g6 4. cxd5 Nxd5 5. Bg5 Bg7 6. e3 O-O 7. Nf3 Be6 8.
Rc1 Na6 9. Bxa6 bxa6 10. Na4 Rb8 11. b3 Nb4 12. Qe2 Bd7 13. Nc5 Bb5 14. Qd2 a5
15. a4 Bc6 16. e4 Qc8 17. d5 Ba8 18. Bh6 Rd8 19. Bxg7 Kxg7 20. O-O c6 21. Qf4
Rd6 22. Qe5+ Kg8 23. Qxe7 Qd8 24. Qxa7 Rc8 25. Ne5 Qe8 26. Nc4 Rdd8 27. d6 Qf8
28. Qxa5 Rb8 29. Nb6 Rxd6 30. Qxb4 Qd8 31. a5 1-0

[Event "Isthmia 2011"]
[Site "Vrachati"]
[Date "2011.08.18"]
[Round "1.13"]
[White "Tsokopoulos, Dedalos"]
[Black "Mastrovasilis, Athanasios"]
[Result "0-1"]
[WhiteElo "1992"]
[BlackElo "2537"]
[PlyCount "72"]
[EventDate "2011.08.18"]

1. e4 e5 2. Nf3 Nc6 3. Bb5 a6 4. Ba4 d6 5. O-O Bd7 6. c3 Nf6 7. Re1 Be7 8. Bc2
O-O 9. h3 h6 10. d4 Nh7 11. Nbd2 Ng5 12. d5 Nb8 13. Nxg5 Bxg5 14. Nf1 a5 15.
Qh5 g6 16. Bxg5 Qxg5 17. Qxg5 hxg5 18. Ne3 Na6 19. g3 Kg7 20. Kg2 Rh8 21. Rh1
b5 22. Raf1 b4 23. c4 Nc5 24. f4 gxf4 25. gxf4 Rh4 26. Kg3 Rah8 27. f5 Nxe4+
28. Bxe4 Rxe4 29. f6+ Kg8 30. Rf3 Rhh4 31. b3 Kh7 32. Ng2 Rh5 33. Ne3 g5 34.
Nf5 Bxf5 35. Rxf5 Kg6 36. Rhf1 Reh4 0-1

[Event "Isthmia 2011"]
[Site "Vrachati"]
[Date "2011.08.18"]
[Round "1.14"]
[White "Shanava, Konstantine"]
[Black "Karaoulanis, Dimitrios"]
[Result "1-0"]
[WhiteElo "2535"]
[BlackElo "1982"]
[PlyCount "73"]
[EventDate "2011.08.18"]

1. e4 c5 2. Nf3 d6 3. d4 cxd4 4. Nxd4 Nf6 5. Nc3 a6 6. Be2 e5 7. Nb3 Be7 8. Bg5
Be6 9. Bxf6 Bxf6 10. Qd3 O-O 11. Rd1 Be7 12. Nd5 Bxd5 13. Qxd5 Qc7 14. c3 Nc6
15. h4 b5 16. a3 Kh8 17. g4 Qb6 18. g5 Rab8 19. Rd3 a5 20. Rg3 b4 21. cxb4 axb4
22. a4 Ra8 23. O-O Na5 24. Nxa5 Rxa5 25. Bb5 Ra7 26. Rc1 Rc7 27. Rxc7 Qxc7 28.
Bc4 g6 29. Rf3 Qd7 30. a5 Qg4+ 31. Rg3 Qxh4 32. a6 Qf4 33. a7 Qc1+ 34. Kg2 Kg7
35. b3 Qa1 36. Rf3 Bxg5 37. Rxf7+ 1-0

[Event "Isthmia 2011"]
[Site "Vrachati"]
[Date "2011.08.18"]
[Round "1.15"]
[White "Lappas, Konstantinos"]
[Black "Kapnisis, Spyridon"]
[Result "0-1"]
[WhiteElo "1972"]
[BlackElo "2529"]
[PlyCount "112"]
[EventDate "2011.08.18"]

1. e4 e5 2. Nf3 Nc6 3. d4 exd4 4. Nxd4 Qf6 5. Nxc6 Bc5 6. Qf3 dxc6 7. Bc4 Ne7
8. Qxf6 gxf6 9. Bf4 Bb6 10. Nc3 Ng6 11. Bg3 h5 12. h4 Ne5 13. Be2 a5 14. Bf4
Be6 15. Nd1 a4 16. Be3 Ba5+ 17. Bd2 Bxd2+ 18. Kxd2 O-O-O+ 19. Kc3 c5 20. Ne3
Rd4 21. f3 c6 22. a3 b5 23. b3 Rhd8 24. Rad1 b4+ 25. axb4 cxb4+ 26. Kb2 axb3
27. Rxd4 Rxd4 28. Rd1 Rxd1 29. Bxd1 bxc2 30. Nxc2 c5 31. Ne3 c4 32. g4 hxg4 33.
Nxg4 Bxg4 34. fxg4 Kd7 35. Ba4+ Kd6 36. Bd1 Kc5 37. h5 Kd4 38. h6 Ng6 39. h7
Ke3 40. Bc2 Nh8 41. Bb1 Ke2 42. Ba2 b3 43. Bb1 Kd2 44. e5 fxe5 45. Bf5 f6 46.
Bb1 Ke3 47. Kc3 Kf3 48. Kxc4 e4 49. Kxb3 e3 50. Bd3 e2 51. Bxe2+ Kxe2 52. Kc4
Kf3 53. Kd4 Kxg4 54. Ke4 Kg5 55. Kd5 Kg6 56. Ke6 Nf7 0-1

[Event "Isthmia 2011"]
[Site "Vrachati"]
[Date "2011.08.18"]
[Round "1.16"]
[White "Sethuraman, S P."]
[Black "Mihopoulos, Konstantinos"]
[Result "1-0"]
[WhiteElo "2529"]
[BlackElo "1968"]
[PlyCount "27"]
[EventDate "2011.08.18"]

1. d4 Nf6 2. c4 b6 3. Nc3 Bb7 4. d5 e6 5. a3 Bd6 6. Nf3 c6 7. e4 exd5 8. e5 d4
9. exf6 Qxf6 10. Qxd4 Qe7+ 11. Be3 O-O 12. O-O-O Bc5 13. Qe4 Bxe3+ 14. Qxe3 1-0

[Event "Isthmia 2011"]
[Site "Vrachati"]
[Date "2011.08.18"]
[Round "1.17"]
[White "Asimakopoulos, Ioannis"]
[Black "Del Rio De Angelis, Salvador G"]
[Result "0-1"]
[WhiteElo "1964"]
[BlackElo "2509"]
[PlyCount "82"]
[EventDate "2011.08.18"]

1. e4 e6 2. d4 d5 3. exd5 exd5 4. Bd3 c5 5. c3 Nc6 6. Ne2 Bd6 7. dxc5 Bxc5 8.
O-O Nf6 9. Bf4 O-O 10. Nd2 Re8 11. Nb3 Bb6 12. Qd2 Ne4 13. Bxe4 dxe4 14. Qxd8
Bxd8 15. Ned4 Ne5 16. Bxe5 Rxe5 17. f4 exf3 18. Nxf3 Bb6+ 19. Kh1 Re8 20. Rfe1
Be6 21. Nbd4 Bd5 22. a3 f6 23. Rad1 g6 24. h3 Rad8 25. Kh2 a6 26. Kg3 Kf7 27.
Rc1 h5 28. h4 Bc7+ 29. Kf2 Bf4 30. Rcd1 Rxe1 31. Rxe1 Re8 32. Rxe8 Kxe8 33. Ne2
Bh6 34. Nfd4 Kd7 35. g3 Kd6 36. Nf4 Bf7 37. Nxh5 gxh5 38. Nf5+ Ke5 39. Nxh6 Be6
40. g4 hxg4 41. Kg3 f5 0-1

[Event "Isthmia 2011"]
[Site "Vrachati"]
[Date "2011.08.18"]
[Round "1.18"]
[White "Jojua, Davit"]
[Black "Zeppos, Panagiotis"]
[Result "1/2-1/2"]
[WhiteElo "2505"]
[BlackElo "1949"]
[PlyCount "51"]
[EventDate "2011.08.18"]

1. d4 Nf6 2. c4 e6 3. Nf3 d5 4. Nc3 c6 5. e3 Nbd7 6. Bd3 dxc4 7. Bxc4 b5 8. Bd3
Bb7 9. O-O a6 10. a4 b4 11. Ne4 c5 12. Nxc5 Nxc5 13. dxc5 Bxc5 14. Qe2 O-O 15.
e4 h6 16. Bd2 Qe7 17. Rac1 Rfd8 18. Rfd1 a5 19. b3 Rac8 20. Be1 Rc7 21. Ne5 Bd4
22. Nc4 Rc5 23. Bd2 e5 24. Kf1 Ne8 25. Be3 Nc7 26. Bxd4 1/2-1/2

[Event "Isthmia 2011"]
[Site "Vrachati"]
[Date "2011.08.18"]
[Round "1.19"]
[White "Kaldis, Georgios"]
[Black "Kasparov, Sergey"]
[Result "0-1"]
[WhiteElo "1945"]
[BlackElo "2503"]
[PlyCount "65"]
[EventDate "2011.08.18"]

1. e4 d5 2. exd5 Qxd5 3. Nc3 Qd6 4. d4 Nf6 5. Nf3 c6 6. g3 Bg4 7. Bg2 e6 8. O-O
Be7 9. h3 Bh5 10. a3 O-O 11. Bf4 Qd8 12. g4 Bg6 13. Ne5 Nbd7 14. Nxg6 hxg6 15.
Bg3 Nb6 16. Qd3 Bd6 17. Bh4 Qc7 18. Bxf6 gxf6 19. Ne4 Be7 20. c4 Rad8 21. Qc3
Qf4 22. c5 Nd5 23. Qg3 Rd7 24. Rad1 Rfd8 25. Bf3 Qxg3+ 26. Nxg3 Nf4 27. Kh2
Rxd4 28. b4 Rd3 29. Rxd3 Rxd3 30. Be4 Rxa3 31. Rd1 Nd5 32. Rb1 Nc3 33. Rc1 0-1

[Event "Isthmia 2011"]
[Site "Vrachati"]
[Date "2011.08.18"]
[Round "1.20"]
[White "Skembris, Spyridon"]
[Black "Bellos, Ioannis"]
[Result "1-0"]
[WhiteElo "2475"]
[BlackElo "1944"]
[PlyCount "107"]
[EventDate "2011.08.18"]

1. c4 e5 2. Nc3 Nc6 3. Nf3 f5 4. d4 e4 5. d5 exf3 6. dxc6 fxg2 7. cxd7+ Qxd7 8.
Qxd7+ Bxd7 9. Bxg2 O-O-O 10. Bg5 Be7 11. h4 c6 12. Be3 Kb8 13. O-O-O Nf6 14.
Bf3 Be6 15. b3 Rxd1+ 16. Kxd1 Rd8+ 17. Kc2 Ne8 18. Na4 Bf7 19. Nc5 Bxc5 20.
Bxc5 Nc7 21. e3 Ne6 22. Bb4 Rd7 23. Bc3 g6 24. Be5+ Kc8 25. b4 Nc7 26. Kc3 Ne8
27. Be2 Kd8 28. a4 a6 29. a5 Ke7 30. Rd1 Rxd1 31. Bxd1 Nd6 32. Bxd6+ Kxd6 33.
Kd4 Be6 34. Bb3 h6 35. Bd1 Bd7 36. f4 Bc8 37. Bf3 h5 38. Bg2 Bd7 39. Bh3 Be6
40. c5+ Ke7 41. Ke5 Bd5 42. Bf1 Bb3 43. Bd3 Bd5 44. Bc2 Bc4 45. e4 fxe4 46.
Bxe4 Bf7 47. b5 axb5 48. Bxc6 b4 49. Bxb7 b3 50. a6 b2 51. Be4 Be8 52. a7 Bc6
53. Bxg6 Ba8 54. Bb1 1-0

[Event "Isthmia 2011"]
[Site "Vrachati"]
[Date "2011.08.18"]
[Round "1.21"]
[White "Asimakopoulos, Konstantinos"]
[Black "Shoker, Samy"]
[Result "0-1"]
[WhiteElo "1929"]
[BlackElo "2475"]
[PlyCount "36"]
[EventDate "2011.08.18"]

1. e4 g6 2. d4 Bg7 3. c4 d6 4. Nc3 Nd7 5. Nf3 e5 6. Be2 Ne7 7. dxe5 dxe5 8. Qc2
Nc6 9. O-O Nd4 10. Nxd4 exd4 11. Nd5 O-O 12. f4 c6 13. Nb4 Nc5 14. e5 d3 15.
Nxd3 Bf5 16. Rd1 Qd4+ 17. Kf1 Nxd3 18. Bxd3 Rad8 0-1

[Event "Isthmia 2011"]
[Site "Vrachati"]
[Date "2011.08.18"]
[Round "1.22"]
[White "Javakhishvili, Lela"]
[Black "Stamos, Filippos"]
[Result "1-0"]
[WhiteElo "2469"]
[BlackElo "1914"]
[PlyCount "91"]
[EventDate "2011.08.18"]

1. Nf3 Nf6 2. g3 d5 3. Bg2 c6 4. O-O Bg4 5. d3 Nbd7 6. Nbd2 e5 7. e4 dxe4 8.
dxe4 Be7 9. Qe2 Qc7 10. Nc4 Nc5 11. h3 Bxf3 12. Bxf3 Ne6 13. c3 O-O-O 14. b4
Kb8 15. a4 g5 16. a5 g4 17. hxg4 Rdg8 18. Be3 h5 19. Bb6 Qc8 20. Qe3 c5 21. a6
bxa6 22. Bxc5 Nxc5 23. bxc5 Bxc5 24. Rfb1+ Ka8 25. Qf4 Nxg4 26. Qxf7 Rd8 27.
Bxg4 hxg4 28. Ra2 Rd7 29. Qf5 Qd8 30. Qxg4 Rdh7 31. Qf3 Rf8 32. Rd2 Qc7 33. Qd3
Rh6 34. Qd5+ Qc6 35. Qd8+ Qc8 36. Qd5+ Qc6 37. Qxc6+ Rxc6 38. Nxe5 Rc7 39. Kg2
Bb6 40. Nd7 Re8 41. Nxb6+ axb6 42. Rxb6 Ka7 43. Rdd6 Rxe4 44. Rxa6+ Kb7 45.
Rdb6+ Kc8 46. Rc6 1-0

[Event "Isthmia 2011"]
[Site "Vrachati"]
[Date "2011.08.18"]
[Round "1.23"]
[White "Spiliadis, Athanasios"]
[Black "Georgiadis, Ioannis"]
[Result "0-1"]
[WhiteElo "1896"]
[BlackElo "2464"]
[PlyCount "110"]
[EventDate "2011.08.18"]

1. e4 e5 2. Nf3 Nc6 3. Bb5 Nf6 4. O-O Nxe4 5. Re1 Nd6 6. Nxe5 Be7 7. Ba4 Nxe5
8. Rxe5 O-O 9. d4 Bf6 10. Re1 b5 11. Bb3 Bb7 12. Bf4 Nf5 13. c3 Nh4 14. d5 d6
15. Qd2 Qd7 16. Na3 c5 17. c4 a6 18. Rab1 Rfe8 19. h3 Rxe1+ 20. Rxe1 b4 21. Nc2
a5 22. a4 Ng6 23. Bg3 Rd8 24. Ne3 Re8 25. Qc2 Bc8 26. Ba2 Be5 27. Bxe5 Rxe5 28.
Bb1 Qe7 29. Qd1 f5 30. Kf1 Bd7 31. b3 Qg5 32. Qf3 Nh4 33. Qg3 Qxg3 34. fxg3 Ng6
35. Nc2 Kf7 36. Rxe5 Nxe5 37. Ne1 Kf6 38. Ke2 h6 39. Ke3 g5 40. Bc2 Be8 41. Bd1
Bxa4 42. bxa4 Nxc4+ 43. Kd3 Nb2+ 44. Kd2 Nxd1 45. Kxd1 Ke5 46. Nc2 f4 47. Ke2
Kxd5 48. gxf4 gxf4 49. Kd3 c4+ 50. Ke2 Ke4 51. Kd1 b3 52. Na3 Kd3 53. Kc1 c3
54. h4 h5 55. Nc2 bxc2 0-1

[Event "Isthmia 2011"]
[Site "Vrachati"]
[Date "2011.08.18"]
[Round "1.24"]
[White "Galopoulos, Nikolaos"]
[Black "Papathanasiou, Elisavet"]
[Result "1-0"]
[WhiteElo "2327"]
[BlackElo "1884"]
[PlyCount "87"]
[EventDate "2011.08.18"]

1. d4 Nf6 2. c4 e6 3. g3 c5 4. Nf3 cxd4 5. Nxd4 d5 6. Bg2 e5 7. Nf3 d4 8. O-O
Nc6 9. e3 Be7 10. exd4 exd4 11. a3 a5 12. b3 O-O 13. Bb2 Bc5 14. Qd3 Qb6 15.
Re1 Bg4 16. Nbd2 Bh5 17. Ne5 Nxe5 18. Rxe5 Bg6 19. Qf3 Qd6 20. Ree1 Rab8 21. h3
b6 22. Qc6 Qd8 23. Rad1 Rc8 24. Qb5 Bc2 25. Rc1 Bf5 26. Red1 Re8 27. b4 Bd7 28.
Qa6 axb4 29. axb4 Bxb4 30. Bxd4 b5 31. Bxf6 gxf6 32. Ne4 Re6 33. Qb7 Rc7 34.
Qd5 bxc4 35. Rxc4 Rxc4 36. Qxc4 Qe7 37. Rxd7 Qxd7 38. Qxb4 Ra6 39. Kh2 Qd1 40.
Qb5 Ra1 41. Nxf6+ Kh8 42. h4 Qg1+ 43. Kh3 Qxf2 44. Qg5 1-0

[Event "Isthmia 2011"]
[Site "Vrachati"]
[Date "2011.08.18"]
[Round "1.25"]
[White "Zorbas, Nikolaos"]
[Black "Nikolaidis, Konstantinos"]
[Result "0-1"]
[WhiteElo "1876"]
[BlackElo "2274"]
[PlyCount "68"]
[EventDate "2011.08.18"]

1. e4 c6 2. Nf3 d5 3. exd5 cxd5 4. d4 Nc6 5. c4 Nf6 6. Nc3 Bg4 7. Be3 e6 8. Be2
Be7 9. O-O O-O 10. Ne5 Bxe2 11. Qxe2 dxc4 12. Nxc6 bxc6 13. Qxc4 Rc8 14. Rad1
h6 15. b3 Qa5 16. Na4 Rfd8 17. Qe2 Qf5 18. Rc1 Nd5 19. Qa6 Rc7 20. Nc5 Bg5 21.
Qe2 Bf6 22. Rfd1 Kh8 23. Kh1 Re8 24. g4 Qg6 25. Qf3 Be7 26. Ne4 f5 27. gxf5
exf5 28. Nc5 Bxc5 29. Rxc5 f4 30. Rg1 Qf6 31. Qh5 Ree7 32. Rg6 Qf7 33. Bd2 Qe8
34. Kg2 Re2 0-1

[Event "Isthmia 2011"]
[Site "Vrachati"]
[Date "2011.08.18"]
[Round "1.26"]
[White "Gogolis, Alexandros"]
[Black "Linos, Efstathios"]
[Result "1/2-1/2"]
[WhiteElo "2261"]
[BlackElo "1875"]
[PlyCount "123"]
[EventDate "2011.08.18"]

1. c4 e6 2. Nf3 Nf6 3. g3 d5 4. b3 dxc4 5. bxc4 c5 6. Bg2 Be7 7. O-O O-O 8. Nc3
Nc6 9. Rb1 Rb8 10. d3 b6 11. Bd2 Bb7 12. Nb5 a6 13. Na3 Nd4 14. Nxd4 cxd4 15.
Bxb7 Rxb7 16. Qa4 Qd7 17. Qxd7 Nxd7 18. Nc2 Bf6 19. a4 Nc5 20. Rb4 Rfb8 21.
Rfb1 Kf8 22. Na1 Ke8 23. Nb3 Nxb3 24. R4xb3 Kd7 25. Bf4 e5 26. Bd2 Kc6 27. g4
Be7 28. Kg2 b5 29. axb5+ axb5 30. cxb5+ Rxb5 31. Rxb5 Rxb5 32. Rxb5 Kxb5 33.
Kf3 Kc6 34. Ke4 f6 35. f4 Bd6 36. fxe5 Bxe5 37. h3 Kd6 38. Be1 Ke6 39. Bf2 g6
40. Bxd4 f5+ 41. gxf5+ gxf5+ 42. Ke3 Bd6 43. Bg7 Kd5 44. Bh6 Be5 45. Bf4 Bf6
46. Kf3 Ke6 47. Bg3 Bg5 48. h4 Bf6 49. h5 Bg5 50. Bf4 Bh4 51. e4 Be1 52. Ke3
Bc3 53. d4 fxe4 54. Kxe4 Kf6 55. Be3 Bb4 56. Kd5 Kf5 57. Kc6 h6 58. d5 Kg4 59.
Bc5 Ba5 60. Be7 Kxh5 61. d6 Bb4 62. Kd5 1/2-1/2